McMafia : (Record no. 1134)

000 -LEADER
fixed length control field 01752nam a22003857a 4500
001 - CONTROL NUMBER
control field 14951160
003 - CONTROL NUMBER IDENTIFIER
control field OSt
005 - DATE AND TIME OF LATEST TRANSACTION
control field 20210426122417.0
008 - FIXED-LENGTH DATA ELEMENTS--GENERAL INFORMATION
fixed length control field 070802s2008 nyuab b 001 0 eng
010 ## - LIBRARY OF CONGRESS CONTROL NUMBER
LC control number 2007030522
020 ## - INTERNATIONAL STANDARD BOOK NUMBER
International Standard Book Number 9781400044115
040 ## - CATALOGING SOURCE
Original cataloging agency DLC
Transcribing agency DLC
Modifying agency DLC
Language of cataloging eng
041 ## - LANGUAGE CODE
Language code of text/sound track or separate title eng
050 00 - LIBRARY OF CONGRESS CALL NUMBER
Classification number HV6441
Item number .G54 2008
080 ## - UNIVERSAL DECIMAL CLASSIFICATION NUMBER
Universal Decimal Classification number 821.111
Item number G-52
082 00 - DEWEY DECIMAL CLASSIFICATION NUMBER
Classification number 364.1/06
Edition number 22
100 1# - MAIN ENTRY--PERSONAL NAME
Personal name Glenny, Misha.
245 10 - TITLE STATEMENT
Title McMafia :
Remainder of title a journey through the global criminal underworld /
Statement of responsibility, etc. / by: Alfred A. Knopf
250 ## - EDITION STATEMENT
Edition statement 1st edition
260 ## - PUBLICATION, DISTRIBUTION, ETC.
Place of publication, distribution, etc. New York
Name of publisher, distributor, etc. Alfred A. Knopf
Date of publication, distribution, etc. 2008.
300 ## - PHYSICAL DESCRIPTION
Extent xvi, 375 p., [16] p. of plates
Other physical details ill., maps
Dimensions 25 cm.
365 ## - TRADE PRICE
Price amount 27.95 usd
500 ## - GENERAL NOTE
General note "A Borzoi book."
504 ## - BIBLIOGRAPHY, ETC. NOTE
Bibliography, etc. note Includes bibliographical references and index.
505 0# - FORMATTED CONTENTS NOTE
Formatted contents note The fall of communism -- Death of an American -- Bloody lucre -- The Mafiya--midwives of capitalism -- Spreading the word -- Gold, money, diamonds and banks -- Aliyah -- Xanadu I -- Xanadu II -- The theatre of crime -- Black and white -- Drugs and cybercrime -- Buddies -- March of fear -- Code orange -- The future of organized crime -- The overunderworld -- The future of organised crime.
650 #0 - SUBJECT ADDED ENTRY--TOPICAL TERM
Topical term or geographic name entry element Organized crime.
650 #0 - SUBJECT ADDED ENTRY--TOPICAL TERM
Topical term or geographic name entry element English literature
9 (RLIN) 254
650 #0 - SUBJECT ADDED ENTRY--TOPICAL TERM
Topical term or geographic name entry element Transnational crime.
653 ## - INDEX TERM--UNCONTROLLED
Uncontrolled term ინგლისური ლიტერატურა
653 ## - INDEX TERM--UNCONTROLLED
Uncontrolled term ორგანიზებული დანაშაული
856 41 - ELECTRONIC LOCATION AND ACCESS
Materials specified Table of contents only
Uniform Resource Identifier <a href="http://www.loc.gov/catdir/toc/ecip0723/2007030522.html">http://www.loc.gov/catdir/toc/ecip0723/2007030522.html</a>
906 ## - LOCAL DATA ELEMENT F, LDF (RLIN)
a 7
b cbc
c orignew
d 1
e ecip
f 20
g y-gencatlg
942 ## - ADDED ENTRY ELEMENTS (KOHA)
Source of classification or shelving scheme
Koha item type Books
Edition 1
Holdings
Withdrawn status Lost status Source of classification or shelving scheme Damaged status Not for loan Permanent location Current location Date acquired Inventory number Total Checkouts Full call number Barcode Date last seen Price effective from Koha item type
          Ken Walker International University Ken Walker International University 02/03/2021 488   821.111 G-52 488 02/03/2021 02/03/2021 Books

Powered by Koha